000 00479nam a2200193 a 4500
001 1762250054605
003 ACL
005 20251104152545.0
008 251104s2002##################000#0#eng##
020 _a9780521781800
082 0 4 _a658.155
_bDEM
100 1 _aDempster, M. A. H.,
_eauthor.
245 1 0 _aRisk Management :
260 _bCambridge University Press,
_c2002.
300 _a290 pages
650 0 _aMathematics.
942 _cENGLISH
040 _aACL
_beng
_cACL
999 _c595661
_d595661